[Event "Asian Nation Cup Women 2018"]
[Site "Hamedan"]
[Date "2018.08.01"]
[Round "5"]
[White "Pham, Le Thao Nguyen"]
[Black "Vaishali R"]
[Result "1-0"]
[WhiteElo "2334"]
[BlackElo "2294"]
[Annotator "NA"]
[PlyCount "126"]
[EventDate "2018.07.27"]
[EventType "swiss"]
[EventCountry "IRI"]
[SourceTitle "playchess.com"]
[Source "ChessBase"]
[SourceQuality "1"]
[WhiteTeam "Vietnam"]
[BlackTeam "India"]
[WhiteTeamCountry "VIE"]
[BlackTeamCountry "IND"]
[TimeControl "40/5400+30:1800+30"]

1. d4 {[%emt 0:00:00]} Nf6 {[%emt 0:00:00]} 2. Nf3 {[%emt 0:00:02]} d5 {[%emt 0:00:00]} 3. c4 {[%emt 0:00:32]} e6 {[%emt 0:00:00]} 4. Nc3 {[%emt 0:00:21]} Be7 {[%emt 0:00:00]} 5. Bg5 {[%emt 0:00:27]} O-O {[%emt 0:00:26]} 6. e3 {[%emt 0:00:39]} h6 {[%emt 0:00:09]} 7. Bh4 {[%emt 0:00:34]} b6 {[%emt 0:00:08]} 8. Be2 {[%emt 0:00:46]} Bb7 {[%emt 0:00:17]} 9. Bxf6 {[%emt 0:02:11]} Bxf6 {[%emt 0:00:03]} 10. cxd5 {[%emt 0:00:19]} exd5 {[%emt 0:00:02]} 11. b4 {[%emt 0:00:42]} c6 {[%emt 0:03:19]} 12. O-O {[%emt 0:01:08]} Qd6 {[%emt 0:01:42]} 13. Qb3 {[%emt 0:02:28]} Nd7 {[%emt 0:01:52]} 14. Rfd1 {[%emt 0:05:58]} a5 {[%emt 0:01:55]} 15. b5 {[%emt 0:04:12]} c5 {[%emt 0:01:55]} 16. dxc5 {[%emt 0:08:37]} Nxc5 {[%emt 0:00:50]} 17. Qa3 {[%emt 0:01:06]} Rfd8 {[%emt 0:00:49]} 18. Rac1 {[%emt 0:05:17]} Rac8 19. Nd4 {[%emt 0:04:18]} Rc7 {[%emt 0:32:13]} 20. Bf3 Be5 21. g3 {[%emt 0:13:43]} Qf6 {[%emt 0:12:33]} 22. Nce2 {[%emt 0:01:54]} Ne4 {[%emt 0:03:28]} 23. Rxc7 {[%emt 0:05:37]} Bxc7 {[%emt 0:00:03]} 24. Nf4 {[%emt 0:02:17]} Bd6 {[%emt 0:06:43]} 25. Qb3 {[%emt 0:04:26]} Bxf4 {[%emt 0:11:55]} 26. exf4 {[%emt 0:07:59]} Rc8 {[%emt 0:00:52]} 27. Qe3 {[%emt 0:02:56]} Rc3 {[%emt 0:04:12]} 28. Rd3 {[%emt 0:01:06]} Rc4 {[%emt 0:00:16]} 29. h4 {[%emt 0:02:33]} Qd6 {[%emt 0:11:25]} 30. Bg2 {[%emt 0:03:00]} Qb4 {[%emt 0:01:40]} 31. Kh2 {[%emt 0:00:59]} Kh7 {[%emt 0:03:46]} 32. f3 {[%emt 0:01:47]} Nc5 {[%emt 0:01:40]} 33. Rd1 {[%emt 0:02:15]} Qc3 {[%emt 0:01:19]} 34. Qe5 {[%emt 0:00:42]} Bc8 {[%emt 0:00:54]} 35. Qxd5 {[%emt 0:01:15]} f6 {[%emt 0:00:29]} 36. Qd8 {[%emt 0:01:56]} Ne6 {[%emt 0:00:31]} 37. Nxe6 {[%emt 0:01:07]} Bxe6 {[%emt 0:00:01]} 38. Qxb6 {[%emt 0:00:22]} Bf5 {[%emt 0:00:17]} 39. Rd8 {[%emt 0:03:25]} Qe1 {[%emt 0:01:02]} 40. Qg1 {[%emt 0:04:40]} Qb4 {[%emt 0:00:41]} 41. Qd1 {[%emt 0:09:46]} Qxb5 {[%emt 0:04:09]} 42. Qd5 {[%emt 0:04:46]} Qxd5 {[%emt 0:00:51]} 43. Rxd5 {[%emt 0:00:02]} Be6 {[%emt 0:01:24]} 44. Rxa5 {[%emt 0:00:13]} Rc2 {[%emt 0:00:32]} 45. a3 {[%emt 0:00:20]} f5 {[%emt 0:02:50]} 46. h5 {[%emt 0:01:16]} Kg8 {[%emt 0:03:25]} 47. Kh3 {[%emt 0:06:39]} Rc3 {[%emt 0:07:09]} 48. Kh4 {[%emt 0:03:47]} Rc2 {[%emt 0:00:35]} 49. Bh3 {[%emt 0:01:18]} Rh2 {[%emt 0:06:16]} 50. g4 {[%emt 0:00:59]} fxg4 {[%emt 0:01:07]} 51. fxg4 {[%emt 0:00:06]} Rc2 {[%emt 0:00:17]} 52. f5 {[%emt 0:03:09]} Bb3 {[%emt 0:00:41]} 53. Rb5 {[%emt 0:00:40]} Ba4 {[%emt 0:00:25]} 54. Rb4 {[%emt 0:00:28]} Bc6 {[%emt 0:00:15]} 55. Bf1 {[%emt 0:01:06]} Bd5 {[%emt 0:00:46]} 56. a4 {[%emt 0:00:59]} Rc1 {[%emt 0:00:27]} 57. Bb5 {[%emt 0:00:32]} Rc3 {[%emt 0:00:26]} 58. Rd4 {[%emt 0:00:28]} Bg2 {[%emt 0:00:34]} 59. Rd3 {[%emt 0:00:16]} Rc1 {[%emt 0:00:06]} 60. Rd2 {[%emt 0:01:19]} Be4 {[%emt 0:00:22]} 61. Kg3 {[%emt 0:00:17]} Ra1 {[%emt 0:00:11]} 62. Kf4 {[%emt 0:00:20]} Bh1 {[%emt 0:00:13]} 63. Rd4 {[%emt 0:01:08]} Ra3 {[%emt 0:00:13] Ke4} 1-0

[Event "Asian Nation Cup Women 2018"]
[Site "Hamedan"]
[Date "2018.08.01"]
[Round "5"]
[White "Alinasab, Mobina"]
[Black "Guo, Qi"]
[Result "0-1"]
[WhiteElo "2281"]
[BlackElo "2361"]
[Annotator "NA"]
[PlyCount "152"]
[EventDate "2018.07.27"]
[EventType "swiss"]
[EventCountry "IRI"]
[SourceTitle "playchess.com"]
[Source "ChessBase"]
[SourceQuality "1"]
[WhiteTeam "Iran"]
[BlackTeam "China"]
[WhiteTeamCountry "IRI"]
[BlackTeamCountry "CHN"]
[TimeControl "40/5400+30:1800+30"]

1. e4 {[%emt 0:00:00]} e6 {[%emt 0:00:00]} 2. d4 {[%emt 0:00:00]} d5 {[%emt 0:00:00]} 3. Nd2 {[%emt 0:02:01]} c5 {[%emt 0:00:10]} 4. Ngf3 {[%emt 0:00:36]} cxd4 {[%emt 0:00:12]} 5. Nxd4 {[%emt 0:00:16]} Nc6 {[%emt 0:00:11]} 6. Bb5 {[%emt 0:00:18]} Bd7 {[%emt 0:00:12]} 7. Nxc6 {[%emt 0:00:10]} Bxc6 {[%emt 0:00:15]} 8. Bxc6+ {[%emt 0:00:05]} bxc6 {[%emt 0:00:03]} 9. c4 {[%emt 0:00:04]} Nf6 {[%emt 0:03:50]} 10. Qa4 {[%emt 0:02:04]} Qd7 {[%emt 0:00:21]} 11. e5 {[%emt 0:11:24]} Ng8 {[%emt 0:01:44]} 12. O-O {[%emt 0:00:27]} Ne7 {[%emt 0:00:05]} 13. Nf3 {[%emt 0:01:37]} Nf5 {[%emt 0:07:04]} 14. Rd1 {[%emt 0:12:29]} Bc5 {[%emt 0:17:20]} 15. g4 {[%emt 0:03:28]} Ne7 {[%emt 0:00:16]} 16. b4 {[%emt 0:05:07]} Bb6 {[%emt 0:01:40]} 17. Bf4 {[%emt 0:01:52]} O-O {[%emt 0:06:01]} 18. Bg3 Ng6 {[%emt 0:07:43]} 19. Rac1 {[%emt 0:21:49]} Rac8 {[%emt 0:02:22]} 20. Nd4 {[%emt 0:04:17]} Bxd4 {[%emt 0:03:33]} 21. Rxd4 {[%emt 0:00:28]} Qe7 {[%emt 0:01:00]} 22. Rdd1 {[%emt 0:13:50]} Qg5 {[%emt 0:05:59]} 23. Qxa7 {[%emt 0:00:51]} Qxg4 {[%emt 0:00:45]} 24. Qe3 {[%emt 0:02:35]} Nh4 {[%emt 0:04:15]} 25. Qf4 {[%emt 0:00:37]} Qxf4 26. Bxf4 {[%emt 0:00:02]} Ng6 {[%emt 0:01:55]} 27. Bg3 {[%emt 0:00:13]} h5 {[%emt 0:00:32]} 28. h3 {[%emt 0:01:20]} Ne7 {[%emt 0:01:26]} 29. cxd5 {[%emt 0:03:23]} Nxd5 {[%emt 0:02:05]} 30. Rc4 {[%emt 0:01:12]} Ra8 {[%emt 0:00:21]} 31. Rd2 {[%emt 0:00:58]} Rfb8 {[%emt 0:04:05]} 32. Rb2 {[%emt 0:02:37]} Ra3 {[%emt 0:04:30]} 33. Bh4 {[%emt 0:02:30]} Ra4 {[%emt 0:02:49]} 34. Bg3 {[%emt 0:05:50]} Rb6 {[%emt 0:05:47]} 35. Kf1 {[%emt 0:01:58]} Rba6 {[%emt 0:00:28]} 36. Kg2 {[%emt 0:00:58]} Kh7 {[%emt 0:05:59]} 37. Rh4 {[%emt 0:00:27]} Kg6 {[%emt 0:00:08]} 38. Rb3 {[%emt 0:00:23]} Rxa2 {[%emt 0:01:30]} 39. Rc4 {[%emt 0:00:40]} R6a3 {[%emt 0:02:07]} 40. Rxa3 {[%emt 0:00:19]} Rxa3 {[%emt 0:00:04]} 41. Rxc6 {[%emt 0:30:37]} Rb3 {[%emt 0:33:35]} 42. Rd6 {[%emt 0:00:00]} Rxb4 {[%emt 0:00:00]} 43. Rd7 {[%emt 0:00:00]} Rb3 {[%emt 0:00:00]} 44. Ra7 {[%emt 0:00:00]} Rc3 {[%emt 0:00:00]} 45. Rd7 {[%emt 0:00:00]} Rc7 {[%emt 0:00:00]} 46. Rd8 {[%emt 0:00:00]} Ne7 {[%emt 0:00:00]} 47. Rd3 {[%emt 0:00:00]} Nf5 {[%emt 0:00:00]} 48. Bf4 {[%emt 0:00:00]} Rc5 {[%emt 0:00:00]} 49. Rd7 {[%emt 0:00:00]} Rc3 {[%emt 0:00:00]} 50. Ra7 {[%emt 0:00:00]} Nh4+ {[%emt 0:00:00]} 51. Kg1 {[%emt 0:00:00]} Nf3+ {[%emt 0:00:00]} 52. Kf1 {[%emt 0:00:00]} Rc5 {[%emt 0:00:00]} 53. Ra3 {[%emt 0:00:19]} Nxe5 {[%emt 0:00:00]} 54. Rg3+ {[%emt 0:00:02]} Kh7 {[%emt 0:00:00]} 55. Ra3 {[%emt 0:02:38]} Nc6 {[%emt 0:00:00]} 56. Rg3 {[%emt 0:00:55]} Rf5 {[%emt 0:00:00]} 57. Bd6 {[%emt 0:00:20]} Ne5 {[%emt 0:00:00]} 58. Rc3 {[%emt 0:01:04]} Ng6 {[%emt 0:00:00]} 59. Rc7 {[%emt 0:00:13]} Nf4 {[%emt 0:00:00]} 60. Rc3 {[%emt 0:01:49]} Nd5 {[%emt 0:00:00]} 61. Rd3 {[%emt 0:00:32]} g5 {[%emt 0:00:00]} 62. Bb8 {[%emt 0:01:41]} Kg6 {[%emt 0:00:00]} 63. Rb3 {[%emt 0:00:19]} Nf6 {[%emt 0:00:00]} 64. Rb4 {[%emt 0:00:16]} Rd5 {[%emt 0:00:00]} 65. Kg2 {[%emt 0:00:12]} Nd7 {[%emt 0:00:00]} 66. Ba7 {[%emt 0:00:53]} Ne5 {[%emt 0:00:00]} 67. Be3 {[%emt 0:00:18]} Nc6 {[%emt 0:00:00]} 68. Rc4 {[%emt 0:00:15]} Ne7 {[%emt 0:00:00]} 69. Rc7 {[%emt 0:00:30]} Nf5 {[%emt 0:00:00]} 70. Bc1 {[%emt 0:00:12]} Nh4+ {[%emt 0:00:00]} 71. Kh2 {[%emt 0:00:45]} Rd1 {[%emt 0:00:00]} 72. Be3 {[%emt 0:00:27]} f6 {[%emt 0:00:00]} 73. Rc6 {[%emt 0:00:44]} e5 {[%emt 0:00:00]} 74. Rc4 {[%emt 0:01:36]} Kf5 {[%emt 0:00:00]} 75. Rc6 {[%emt 0:00:53]} e4 {[%emt 0:00:00]} 76. Rc5+ {[%emt 0:00:17]} Kg6 {[%emt 0:00:00]} 0-1

[Event "Asian Nation Cup Women 2018"]
[Site "Hamedan"]
[Date "2018.08.01"]
[Round "5"]
[White "Nguyen, Thi Mai Hung"]
[Black "Aakanksha Hagawane"]
[Result "1-0"]
[WhiteElo "2226"]
[BlackElo "2292"]
[Annotator "NA"]
[PlyCount "83"]
[EventDate "2018.07.27"]
[EventType "swiss"]
[EventCountry "IRI"]
[SourceTitle "playchess.com"]
[Source "ChessBase"]
[SourceQuality "1"]
[WhiteTeam "Vietnam"]
[BlackTeam "India"]
[WhiteTeamCountry "VIE"]
[BlackTeamCountry "IND"]
[TimeControl "40/5400+30:1800+30"]

1. d4 {[%emt 0:00:00]} Nf6 {[%emt 0:00:00]} 2. Nf3 {[%emt 0:00:00]} g6 {[%emt 0:00:00]} 3. g3 {[%emt 0:00:00]} Bg7 {[%emt 0:00:00]} 4. Bg2 {[%emt 0:00:00]} O-O {[%emt 0:00:00]} 5. c4 {[%emt 0:00:00]} d5 {[%emt 0:00:14]} 6. cxd5 {[%emt 0:00:07]} Nxd5 {[%emt 0:00:08]} 7. O-O {[%emt 0:00:05]} Nc6 {[%emt 0:00:27]} 8. e4 {[%emt 0:00:42]} Nb6 {[%emt 0:00:03]} 9. d5 {[%emt 0:00:26]} Na5 {[%emt 0:01:56]} 10. Nc3 {[%emt 0:00:43]} c6 {[%emt 0:02:47]} 11. Bf4 {[%emt 0:00:13]} Nac4 {[%emt 0:04:24]} 12. b3 {[%emt 0:00:55]} Nd6 {[%emt 0:10:39]} 13. e5 {[%emt 0:00:52]} cxd5 {[%emt 0:01:47]} 14. exd6 {[%emt 0:00:29]} Bxc3 {[%emt 0:00:09]} 15. Rc1 {[%emt 0:00:07]} Bg7 {[%emt 0:01:02]} 16. dxe7 {[%emt 0:00:57]} Qxe7 {[%emt 0:00:02]} 17. Re1 {[%emt 0:00:27]} Be6 {[%emt 0:06:24]} 18. Ng5 {[%emt 0:07:25]} Qf6 {[%emt 0:03:51]} 19. Qd2 {[%emt 0:07:40]} Qd4 {[%emt 0:11:15]} 20. Nxe6 {[%emt 0:14:35]} Qxd2 {[%emt 0:04:55]} 21. Bxd2 {[%emt 0:00:05]} fxe6 {[%emt 0:00:05]} 22. Rxe6 Rac8 {[%emt 0:06:01]} 23. a4 {[%emt 0:03:59]} Rxc1+ {[%emt 0:05:00]} 24. Bxc1 {[%emt 0:00:41]} Rc8 {[%emt 0:02:24]} 25. Bf4 {[%emt 0:01:29]} Kf7 {[%emt 0:03:51]} 26. Re1 {[%emt 0:03:32]} a5 {[%emt 0:02:01]} 27. Rd1 {[%emt 0:24:23]} d4 {[%emt 0:17:10]} 28. Bd2 {[%emt 0:03:12]} Rc5 {[%emt 0:01:09]} 29. Rc1 {[%emt 0:04:22]} Nd7 {[%emt 0:05:06]} 30. Bxb7 {[%emt 0:05:24]} Rxc1+ {[%emt 0:02:44]} 31. Bxc1 {[%emt 0:00:02]} Bf8 {[%emt 0:02:03]} 32. Bd2 {[%emt 0:04:32]} Kf6 {[%emt 0:02:46]} 33. f4 {[%emt 0:04:20]} Nc5 {[%emt 0:01:59]} 34. Bd5 {[%emt 0:00:15]} Na6 {[%emt 0:00:53]} 35. Bxa5 {[%emt 0:00:09]} Nb4 {[%emt 0:00:03]} 36. Be4 {[%emt 0:01:04]} Na2 {[%emt 0:01:34]} 37. Bb6 {[%emt 0:04:29]} Nc1 {[%emt 0:01:16]} 38. Bc2 {[%emt 0:04:22]} d3 {[%emt 0:01:09]} 39. Bd1 {[%emt 0:00:02]} Bb4 {[%emt 0:01:24]} 40. a5 {[%emt 0:05:02]} Ne2+ {[%emt 0:00:42]} 41. Kf2 {[%emt 0:30:02]} Nc3 {[%emt 0:30:23]} 42. Bf3 {[%emt 0:00:11]} 1-0

[Event "Asian Nation Cup Women 2018"]
[Site "Hamedan"]
[Date "2018.08.02"]
[Round "6"]
[White "Saduakassova, Dinara"]
[Black "Harika, Dronavalli"]
[Result "0-1"]
[WhiteElo "2489"]
[BlackElo "2494"]
[Annotator "TA"]
[PlyCount "76"]
[EventDate "2018.07.27"]
[EventType "swiss"]
[EventCountry "IRI"]
[SourceTitle "playchess.com"]
[Source "ChessBase"]
[SourceQuality "1"]
[WhiteTeam "Kazakhstan"]
[BlackTeam "India"]
[WhiteTeamCountry "KAZ"]
[BlackTeamCountry "IND"]

{[%evp 15,76,0,0,0,1,-16,-25,-36,33,17,22,9,68,0,7,0,0,6,31,31,20,30,45,15,26,16,16,6,16,21,33,0,0,-19,-22,-16,-19,-84,-120,-88,-85,-111,7,-39,-61,-239,-237,-240,-222,-1336,-1278,-5406,-5406,-29969,-29970,-29969,-29970,-29968,-29968,-5214,-5214,-29997,-29998]} 1. d4 d5 2. c4 e6 {[%cal Be7e6,Be6e5,Be5e4][%mdl 32]} 3. Nc3 Bb4 4. a3 Bxc3+ 5. bxc3 Nf6 6. e3 c6 {E40: Nimzo-Indian: Rubinstein (4 e3): Unusual Black 4th moves} (6... O-O 7. Bd3 c6 8. Ne2 b6 9. O-O Ba6 10. cxd5 cxd5 11. Bxa6 Nxa6 12. Qd3 Qc8 13. f3 Nb8 14. e4 Qa6 15. Qe3 Nc6 {1-0 (52) Radjabov,T (2741)-Movsesian,S (2671) Heraklio 2017}) 7. Bd3 e5 8. Ne2 e4 {LiveBook: 4 Games. The position is equal.} 9. Bc2 O-O 10. Ng3 b6 11. f3 {[%cal Rf3e4]} Re8 (11... Ba6 $1 $15) 12. O-O $14 Ba6 13. fxe4 dxe4 (13... Nxe4 $11 14. Nxe4 dxe4) 14. Rf4 (14. Qe2 $14) 14... Bxc4 $11 15. Nxe4 Nxe4 $146 16. Rxe4 ({Don't play} 16. Bxe4 g5 $17) 16... Nd7 17. Rf4 Nf8 18. e4 c5 19. Be3 Ng6 20. Rf2 Qe7 21. Qh5 cxd4 22. cxd4 Rad8 23. g3 b5 {[%cal Bb6b5,Bb5b4,Bb4b3][%mdl 32]} 24. h4 f6 25. a4 b4 {White must now prevent ...b3.} 26. Re1 (26. Rb1 $1 $11) 26... b3 $17 27. Bb1 Qb4 28. Qd1 Qc3 (28... Nf8 $17 29. Qd2 Qxa4) 29. h5 {[#]} Ne5 $1 $36 {[%mdl 2560] Hoping for ...Ng4! Black has some pressure.} 30. Rd2 $2 {[#]} ({White must play} 30. Qc1 $15 Qxc1 31. Rxc1) (30. dxe5 Rxd1) 30... Qxd2 $1 $19 {[%mdl 512]} 31. Bxd2 (31. Qxd2 Nf3+) 31... Rxd4 32. Re2 $2 (32. Bf4 Rxd1 33. Rxd1) 32... Bxe2 33. Qxe2 {[#]} Rxd2 $1 {[%mdl 512]} 34. Qb5 (34. Qxd2 Nf3+) 34... Rc8 35. Qxb3+ Kh8 36. Qa3 Rd1+ 37. Kf2 Rxb1 38. Qe7 Rc2+ {Precision: White = 31%, Black = 58%.} 0-1

[Event "Asian Nation Cup Women 2018"]
[Site "Hamedan"]
[Date "2018.08.02"]
[Round "6"]
[White "Khademalsharieh, Sarasadat"]
[Black "Tokhirjonova, Gulrukhbegim"]
[Result "1/2-1/2"]
[WhiteElo "2408"]
[BlackElo "2350"]
[Annotator "NA"]
[PlyCount "69"]
[EventDate "2018.07.27"]
[EventType "swiss"]
[EventCountry "IRI"]
[SourceTitle "playchess.com"]
[Source "ChessBase"]
[SourceQuality "1"]
[WhiteTeam "Iran"]
[BlackTeam "Uzbekistan"]
[WhiteTeamCountry "IRI"]
[BlackTeamCountry "UZB"]
[TimeControl "40/5400+30:1800+30"]

1. d4 {[%emt 0:00:00]} Nf6 {[%emt 0:00:11]} 2. Nf3 {[%emt 0:00:31]} e6 {[%emt 0:00:45]} 3. c4 {[%emt 0:00:08]} Bb4+ {[%emt 0:00:14]} 4. Nbd2 {[%emt 0:00:07]} O-O {[%emt 0:01:00]} 5. a3 {[%emt 0:00:03]} Be7 {[%emt 0:02:20]} 6. e4 {[%emt 0:00:07]} d5 {[%emt 0:03:40]} 7. e5 {[%emt 0:00:29]} Nfd7 {[%emt 0:00:05]} 8. Bd3 {[%emt 0:00:04]} c5 {[%emt 0:00:20]} 9. O-O {[%emt 0:00:25]} Nc6 {[%emt 0:00:15]} 10. cxd5 {[%emt 0:01:09]} exd5 {[%emt 0:00:07]} 11. Re1 {[%emt 0:00:03]} Qb6 {[%emt 0:02:27]} 12. Qc2 {[%emt 0:04:10]} h6 {[%emt 0:01:50]} 13. dxc5 {[%emt 0:14:39]} Nxc5 {[%emt 0:01:26]} 14. b4 {[%emt 0:02:18]} Nxd3 {[%emt 0:04:35]} 15. Qxd3 {[%emt 0:00:11]} Be6 {[%emt 0:00:28]} 16. Nb3 {[%emt 0:00:58]} a5 {[%emt 0:07:34]} 17. b5 {[%emt 0:10:45]} a4 {[%emt 0:03:13]} 18. Be3 {[%emt 0:00:48]} Qc7 {[%emt 0:01:49]} 19. Nbd4 {[%emt 0:04:44]} Nxd4 {[%emt 0:06:31]} 20. Nxd4 {[%emt 0:00:57]} Qd7 {[%emt 0:05:50]} 21. Rac1 {[%emt 0:07:51]} Rfc8 {[%emt 0:03:14]} 22. f4 {[%emt 0:01:59]} g6 {[%emt 0:02:51]} 23. b6 {[%emt 0:07:16]} Kg7 {[%emt 0:04:35]} 24. Nb5 {[%emt 0:04:50]} Bf5 {[%emt 0:09:28]} 25. Qe2 {[%emt 0:01:09]} Rc4 {[%emt 0:11:58]} 26. Rxc4 {[%emt 0:19:13]} dxc4 {[%emt 0:00:14]} 27. Nd6 {[%emt 0:02:47]} Bxd6 {[%emt 0:04:02]} 28. exd6 {[%emt 0:00:06]} Qxd6 {[%emt 0:00:05]} 29. Qxc4 {[%emt 0:00:08]} Kg8 {[%emt 0:00:08]} 30. Bc5 {[%emt 0:00:50]} Be6 {[%emt 0:03:15]} 31. Qc1 {[%emt 0:02:28]} Qc6 {[%emt 0:02:06]} 32. Qe3 {[%emt 0:00:32]} Re8 {[%emt 0:00:20]} 33. Qd4 {[%emt 0:01:12]} Rc8 {[%emt 0:02:00]} 34. Bb4 {[%emt 0:02:08]} Qd5 {[%emt 0:00:14]} 35. Qxd5 {[%emt 0:01:04]} 1/2-1/2

[Event "Asian Nation Cup Women 2018"]
[Site "Hamedan"]
[Date "2018.08.02"]
[Round "6"]
[White "Nakhbayeva, Guliskhan"]
[Black "Karavade, Eesha"]
[Result "0-1"]
[WhiteElo "2352"]
[BlackElo "2378"]
[Annotator "NA"]
[PlyCount "126"]
[EventDate "2018.07.27"]
[EventType "swiss"]
[EventCountry "IRI"]
[SourceTitle "playchess.com"]
[Source "ChessBase"]
[SourceQuality "1"]
[WhiteTeam "Kazakhstan"]
[BlackTeam "India"]
[WhiteTeamCountry "KAZ"]
[BlackTeamCountry "IND"]
[TimeControl "40/5400+30:1800+30"]

1. d4 {[%emt 0:00:00]} d5 {[%emt 0:00:00]} 2. c4 {[%emt 0:00:00]} e6 {[%emt 0:00:00]} 3. Nc3 {[%emt 0:00:00]} a6 {[%emt 0:00:20]} 4. cxd5 {[%emt 0:00:01]} exd5 {[%emt 0:00:08]} 5. Bf4 {[%emt 0:00:04] D31: Queen's Gambit Declined: Semi-Slav without ...Nf6 (+ Marshall Gambit and Noteboom) and Exchange Variation lines without ...Nf6} Nf6 {[%emt 0:00:33] LiveBook: 59 Games} 6. Qc2 {[%emt 0:01:07]} Bd6 {[%emt 0:02:01]} 7. Bxd6 {[%emt 0:00:12]} Qxd6 {[%emt 0:00:09]} 8. e3 {[%emt 0:00:07]} Nc6 $146 {[%emt 0:06:33]} ({Predecessor:} 8... O-O 9. Bd3 Re8 10. Nge2 Bg4 11. f3 Bh5 12. Qd2 Bg6 13. O-O c5 14. Bxg6 hxg6 15. dxc5 Qxc5 16. Nd4 Nc6 17. Rac1 Nxd4 18. Qxd4 Qxd4 {½-½ (18) Jankovic,A (2564)-Predojevic,B (2642) Zadar 2011}) 9. a3 {[%emt 0:02:58]} Bg4 {[%emt 0:05:00]} 10. Bd3 {[%emt 0:00:22]} O-O {[%emt 0:05:06]} 11. h3 {[%emt 0:06:27]} Bh5 {[%emt 0:00:43]} 12. Nge2 {[%emt 0:02:37]} Bg6 {[%emt 0:01:51]} 13. O-O {[%emt 0:01:00]} Bxd3 {[%emt 0:02:25]} 14. Qxd3 {[%emt 0:00:04]} Rfe8 {[%emt 0:00:41]} 15. Nf4 {[%emt 0:09:42]} Nd8 {[%emt 0:02:01]} 16. Na4 {[%emt 0:06:48]} Ne6 {[%emt 0:04:05]} 17. Nxe6 {[%emt 0:00:46]} Qxe6 {[%emt 0:03:06]} 18. Nc5 {[%emt 0:01:06]} Qb6 {[%emt 0:04:19]} 19. f3 {[%emt 0:05:42]} Re7 {[%emt 0:03:27]} 20. b4 {[%emt 0:13:05]} Rae8 {[%emt 0:01:59]} 21. Rfe1 {[%emt 0:01:20]} Nd7 {[%emt 0:01:48]} 22. Rad1 {[%emt 0:07:34]} c6 {[%emt 0:07:28]} 23. e4 dxe4 {[%emt 0:03:02]} 24. fxe4 {[%emt 0:07:55]} Nxc5 {[%emt 0:00:57]} 25. bxc5 {[%emt 0:00:10]} Qc7 {[%emt 0:00:06]} 26. Re3 {[%emt 0:05:42]} h6 $11 {[%emt 0:03:28]} 27. Rf1 Rd8 {[%emt 0:01:53]} 28. e5 {[%emt 0:03:54]} Rxe5 {[%emt 0:03:46]} 29. Ref3 {[%emt 0:06:33]} Re7 {[%emt 0:04:27]} 30. Rg3 {[%emt 0:03:54]} Rd5 {[%emt 0:03:43]} 31. Rg4 {[%emt 0:04:57]} h5 {[%emt 0:02:43]} 32. Rgf4 {[%emt 0:04:31]} Qd7 33. R1f3 Qe6 {[%emt 0:05:24]} 34. Kh2 {[%emt 0:04:45]} Rg5 35. Rf5 {[%emt 0:01:59]} Rxf5 {[%emt 0:03:20]} 36. Rxf5 {[%emt 0:00:06]} Qe3 {[%emt 0:11:05]} 37. Qc4 {[%emt 0:01:38]} h4 {[%emt 0:01:12]} 38. Rf3 {[%emt 0:00:13]} Qe4 {[%emt 0:02:21]} 39. Qd3 {[%emt 0:01:22]} Qxd3 {[%emt 0:05:50]} 40. Rxd3 {[%emt 0:00:02]} Rd7 {[%emt 0:00:07]} 41. Kg1 {[%emt 0:31:16]} f5 {[%emt 0:04:06]} 42. Kf2 {[%emt 0:00:00]} Kf7 43. g3 {[%emt 0:00:00]} hxg3+ {[%emt 0:00:11]} 44. Kxg3 {[%emt 0:00:00]} g5 {[%emt 0:00:56]} 45. Kf3 {[%emt 0:00:00]} Kg6 {[%emt 0:00:54]} 46. Kg3 {[%emt 0:00:00]} Kh5 {[%emt 0:00:56]} 47. a4 {[%emt 0:00:00]} a5 {[%emt 0:00:28]} 48. Rd1 {[%emt 0:00:00]} f4+ {[%emt 0:01:38]} 49. Kf3 {[%emt 0:00:00]} Kh4 {[%emt 0:01:18]} 50. Kg2 {[%emt 0:00:00]} g4 {[%emt 0:01:43]} 51. hxg4 {[%emt 0:00:00]} Kxg4 {[%emt 0:00:04]} 52. Kf2 {[%emt 0:00:00]} Rd8 {[%emt 0:06:05]} 53. Rd3 {[%emt 0:00:00]} Kf5 {[%emt 0:01:01]} 54. Kf3 {[%emt 0:00:00]} Rh8 {[%emt 0:00:06]} 55. Kg2 {[%emt 0:00:00]} Ke4 {[%emt 0:00:05]} 56. Rd1 {[%emt 0:00:18]} Rh7 {[%emt 0:00:39]} 57. Kg1 Rd7 {[%emt 0:02:38]} 58. Re1+ {[%emt 0:02:29]} Kd3 {[%emt 0:00:16]} 59. Rb1 {[%emt 0:01:03]} Rg7+ {[%emt 0:01:41]} 60. Kf2 {[%emt 0:00:28]} Kxd4 {[%emt 0:00:04]} 61. Kf3 {[%emt 0:00:34]} Kxc5 {[%emt 0:00:15]} 62. Kxf4 {[%emt 0:00:02]} Re7 {[%emt 0:00:15]} 63. Ra1 {[%emt 0:00:19]} Kb4 0-1